[Event "WSTCC-50 2024"]
[Site "Krakow"]
[Date "2024.07.11"]
[Round "9.3"]
[White "Clark, Gary M"]
[Black "Berg, Anders Hoyer"]
[Result "1-0"]
[WhiteElo "2299"]
[BlackElo "2079"]
[Annotator "TA"]
[PlyCount "91"]
[EventDate "2024.07.01"]
[EventType "team-tourn"]
[EventCountry "POL"]
[SourceTitle "playchess.com"]
[Source "ChessBase"]
[SourceQuality "1"]

1. c4 e6 2. Nf3 d5 3. g3 dxc4 4. Bg2 Nf6 5. Qa4+ Bd7 6. Qxc4 Bc6 7. O-O Be7 8. d4 O-O 9. Bf4 Bd6 10. Bg5 h6 11. Bxf6 Qxf6 12. Nc3 Bxf3 13. Bxf3 c6 14. Ne4 Qe7 15. Qb3 Rd8 16. Rfd1 Qc7 17. Rac1 Qb6 18. Rd3 Be7 19. Nc5 Qxb3 20. Nxb3 a5 21. Nc5 Bxc5 22. Rxc5 Nd7 23. Rc1 Nf6 24. Rb3 Rd7 25. e3 Nd5 26. Rc5 Ra6 27. Be2 b5 28. a4 Rb7 29. axb5 cxb5 30. Rcxb5 Rxb5 31. Rxb5 Rb6 32. e4 Rxb5 33. Bxb5 Nb6 34. f3 Kf8 35. Kf2 f6 36. h4 Ke7 37. Ke3 e5 38. Kd3 Kd6 39. h5 Ke6 40. f4 Kd6 41. Kc3 Nc8 42. Bc4 Nb6 43. Bb3 exd4+ 44. Kxd4 Nc8 45. Kc4 Ne7 46. Ba4 1-0

[Event "WSTCC-50 2024"]
[Site "Krakow"]
[Date "2024.07.11"]
[Round "9.3"]
[White "Jhunjhnuwala, Ramesh"]
[Black "Adams, Mark"]
[Result "1/2-1/2"]
[WhiteElo "2050"]
[BlackElo "1951"]
[Annotator "NA RC"]
[PlyCount "34"]
[EventDate "2024.07.01"]
[EventType "team-tourn"]
[EventCountry "POL"]
[SourceTitle "playchess.com"]
[Source "ChessBase"]
[SourceQuality "1"]

1. e4 c5 2. c3 Nf6 3. e5 Nd5 4. d4 cxd4 5. Qxd4 e6 6. Bc4 Nc6 7. Qe4 Nde7 8. Nf3 Ng6 9. O-O Qc7 10. Re1 Ncxe5 11. Nxe5 Nxe5 12. Bxe6 dxe6 13. Qxe5 Qxe5 14. Rxe5 b6 15. a4 Bb7 16. a5 O-O-O 17. Re1 Be7 1/2-1/2

[Event "WSTCC-50 2024"]
[Site "Krakow"]
[Date "2024.07.11"]
[Round "9.4"]
[White "Kantorik, Marian"]
[Black "Novikov, Igor"]
[Result "0-1"]
[WhiteElo "2198"]
[BlackElo "2509"]
[Annotator "TA"]
[PlyCount "76"]
[EventDate "2024.07.01"]
[EventType "team-tourn"]
[EventCountry "POL"]
[SourceTitle "playchess.com"]
[Source "ChessBase"]
[SourceQuality "1"]

1. d4 d5 2. c4 e6 3. Nc3 c6 4. e4 dxe4 5. Nxe4 Bb4+ 6. Bd2 Qxd4 7. Bxb4 Qxe4+ 8. Be2 Na6 9. Ba5 b6 10. Qd6 Bd7 11. Bc3 f6 12. Nf3 e5 13. O-O-O Qf5 14. Rhe1 Qe6 15. Qa3 Nc5 16. Nxe5 fxe5 17. Bh5+ Kf8 18. Rxe5 Qh6+ 19. Kb1 Nf6 20. Bd2 Qxh5 21. Rxh5 Nxh5 22. Qf3+ Nf6 23. Bc3 Bg4 24. Qxc6 Rc8 25. Qd6+ Kf7 26. Bxf6 gxf6 27. Qd5+ Be6 28. Qh5+ Kg7 29. g4 Bf7 30. Qh4 Bg6+ 31. Ka1 Rcd8 32. Re1 Rhe8 33. f4 Re4 34. b4 Na4 35. a3 Rxf4 36. Qg3 Rxc4 37. g5 Rc3 38. gxf6+ Kf8 0-1

[Event "WSTCC-50 2024"]
[Site "Krakow"]
[Date "2024.07.11"]
[Round "9.4"]
[White "Johnsen, Sylvia"]
[Black "Duncan, Chris R"]
[Result "0-1"]
[WhiteElo "1878"]
[BlackElo "2156"]
[Annotator "RC"]
[PlyCount "50"]
[EventDate "2024.07.01"]
[EventType "team-tourn"]
[EventCountry "POL"]
[SourceTitle "playchess.com"]
[Source "ChessBase"]
[SourceQuality "1"]

1. e4 c5 2. Nc3 Nc6 3. g3 g6 4. d3 Bg7 5. Bg2 d6 6. f4 e6 7. Nf3 Nge7 8. O-O O-O 9. a3 b6 10. Rb1 Bb7 11. Qe1 Nd4 12. Rf2 Qd7 13. b4 Rac8 14. b5 Rfe8 15. g4 f5 16. gxf5 exf5 17. Kh1 fxe4 18. Nxe4 Nef5 19. Nxd4 cxd4 20. Re2 Re7 21. Rb2 Rce8 22. Bf3 d5 23. c4 dxe4 24. Bxe4 Nd6 25. Bxb7 Nxb7 0-1

[Event "WSTCC-50 2024"]
[Site "Krakow"]
[Date "2024.07.11"]
[Round "9.4"]
[White "Thomas, Gary"]
[Black "Jhunjhnuwala, Suresh"]
[Result "0-1"]
[WhiteElo "1865"]
[BlackElo "1888"]
[Annotator "NA RC"]
[PlyCount "56"]
[EventDate "2024.07.01"]
[EventType "team-tourn"]
[EventCountry "POL"]
[SourceTitle "playchess.com"]
[Source "ChessBase"]
[SourceQuality "1"]

1. e4 c6 2. Nf3 d5 3. Nc3 dxe4 4. Nxe4 Bf5 5. Ng3 Bg6 6. h4 h6 7. Ne5 Qd6 8. d4 Nd7 9. Nxg6 Qxg6 10. Bc4 Ndf6 11. Bf4 Qg4 12. Qd2 Nh5 13. Nxh5 Qxh5 14. Qb4 b6 15. Be2 Qf5 16. Qc4 Qd7 17. O-O-O e6 18. Bf3 Rc8 19. Qa4 Nf6 20. Kb1 Be7 21. Be5 O-O 22. g4 Nd5 23. c4 b5 24. Qc2 bxc4 25. g5 f5 26. gxf6 Bxf6 27. Qxc4 Bxe5 28. Bxd5 cxd5 0-1

[Event "WSTCC-50 2024"]
[Site "Krakow"]
[Date "2024.07.11"]
[Round "9.5"]
[White "Plotkin, Victor"]
[Black "David, Alberto"]
[Result "1/2-1/2"]
[WhiteElo "2264"]
[BlackElo "2502"]
[Annotator "TA"]
[PlyCount "72"]
[EventDate "2024.07.01"]
[EventType "team-tourn"]
[EventCountry "POL"]
[SourceTitle "playchess.com"]
[Source "ChessBase"]
[SourceQuality "1"]

1. e4 c5 2. c3 d5 3. exd5 Qxd5 4. d4 Nf6 5. Nf3 e6 6. Be2 cxd4 7. cxd4 Be7 8. Nc3 Qd6 9. Nb5 Qd8 10. O-O a6 11. Nc3 Nc6 12. a3 O-O 13. Be3 b5 14. Ne5 Bb7 15. Bf3 Rc8 16. Rc1 Na5 17. Bxb7 Nxb7 18. Qf3 Na5 19. Rfd1 Nb3 20. Nc6 Rxc6 21. Qxc6 Nxc1 22. Rxc1 Qa8 23. Qxa8 Rxa8 24. Ne2 Kf8 25. Nf4 Bd6 26. Nd3 Nd5 27. g3 Ke7 28. Kg2 f6 29. Kf3 g5 30. h4 g4+ 31. Ke2 Kd7 32. Bf4 Ne7 33. Bxd6 Kxd6 34. Nc5 Nd5 35. f3 h5 36. f4 Ra7 1/2-1/2

[Event "WSTCC-50 2024"]
[Site "Krakow"]
[Date "2024.07.11"]
[Round "9.5"]
[White "Mitchell, Martin"]
[Black "Baginskaite, Kamile"]
[Result "1-0"]
[WhiteElo "2159"]
[BlackElo "2057"]
[Annotator "RC"]
[PlyCount "99"]
[EventDate "2024.07.01"]
[EventType "team-tourn"]
[EventCountry "POL"]
[SourceTitle "playchess.com"]
[Source "ChessBase"]
[SourceQuality "1"]

1. d4 Nf6 2. c4 e6 3. Nc3 Bb4 4. Nf3 d5 5. Qb3 c5 6. dxc5 Qa5 7. Bd2 Nbd7 8. a3 Bxc3 9. Bxc3 dxc4 10. Qxc4 Qxc5 11. e3 O-O 12. Bb4 Qxc4 13. Bxc4 Re8 14. Ke2 Nb6 15. Bd3 e5 16. Bb5 Bd7 17. Bxd7 Nfxd7 18. e4 Rec8 19. Rhc1 f6 20. a4 a5 21. Rxc8+ Rxc8 22. Bxa5 Rc2+ 23. Nd2 Rc6 24. f3 Nc5 25. Rc1 Nbxa4 26. b3 Nb2 27. Rc3 Ne6 28. Rxc6 Nd4+ 29. Ke3 Nxc6 30. Bb6 Nb4 31. Bc5 N2d3 32. Bd6 Kf7 33. Nc4 Ke6 34. Bf8 g6 35. Na5 b6 36. Nc4 b5 37. Na3 f5 38. Nxb5 Kd7 39. exf5 gxf5 40. g3 Kc6 41. Nc3 h5 42. Na2 Nxa2 43. Kxd3 Kd5 44. Kc2 Kd4 45. f4 h4 46. fxe5 Kxe5 47. Kb2 h3 48. Kxa2 Ke4 49. b4 Kf3 50. Bd6 1-0

[Event "WSTCC-50 2024"]
[Site "Krakow"]
[Date "2024.07.11"]
[Round "9.5"]
[White "Tsiganova, Monika"]
[Black "Schuster, Karsten"]
[Result "1-0"]
[WhiteElo "1999"]
[BlackElo "2307"]
[Annotator "RC"]
[PlyCount "109"]
[EventDate "2024.07.01"]
[EventType "team-tourn"]
[EventCountry "POL"]
[SourceTitle "playchess.com"]
[Source "ChessBase"]
[SourceQuality "1"]

1. e4 c6 2. d4 d5 3. e5 Bf5 4. Bd3 Bxd3 5. Qxd3 e6 6. Ne2 Ne7 7. O-O Nd7 8. a4 Qc7 9. Nd2 c5 10. c3 cxd4 11. cxd4 Nc6 12. Nf3 Nb4 13. Qd1 Be7 14. Bd2 O-O 15. Rc1 Qb6 16. Qb3 Nc6 17. Qd3 h6 18. Ng3 Rfc8 19. Nh5 g6 20. Nf4 Kg7 21. h4 Qd8 22. h5 g5 23. Nxe6+ fxe6 24. Qg6+ Kh8 25. Qxh6+ Kg8 26. Qxe6+ Kh8 27. Qh6+ Kg8 28. Bxg5 Nf8 29. Bf6 Bxf6 30. exf6 Qd7 31. Rc3 Qh7 32. Qg5+ Kh8 33. Nh4 Nxd4 34. Re3 Nde6 35. Qg4 Rc4 36. f4 Re4 37. Ng6+ Kg8 38. Rxe4 dxe4 39. Nxf8+ Kxf8 40. Qxe6 Re8 41. Qd6+ Kg8 42. Qd5+ Qf7 43. Qxf7+ Kxf7 44. Rc1 Kxf6 45. Rc7 e3 46. Kf1 Kf5 47. Ke2 Kxf4 48. Rxb7 Rg8 49. Rb4+ Ke5 50. g4 a5 51. Rc4 Kd5 52. Rf4 Rb8 53. Kxe3 Rb3+ 54. Kf2 Ke6 55. h6 1-0

[Event "WSTCC-50 2024"]
[Site "Krakow"]
[Date "2024.07.11"]
[Round "9.6"]
[White "Godena, Michele"]
[Black "Cummings, David H."]
[Result "1/2-1/2"]
[WhiteElo "2426"]
[BlackElo "2314"]
[Annotator "TA"]
[PlyCount "51"]
[EventDate "2024.07.01"]
[EventType "team-tourn"]
[EventCountry "POL"]
[SourceTitle "playchess.com"]
[Source "ChessBase"]
[SourceQuality "1"]

1. e4 c6 2. d4 d5 3. Nd2 dxe4 4. Nxe4 Nf6 5. Nxf6+ exf6 6. c3 Bd6 7. Bd3 O-O 8. Ne2 Re8 9. O-O Nd7 10. Ng3 Nf8 11. a4 a5 12. f4 c5 13. d5 g6 14. Bb5 Bd7 15. c4 Bxb5 16. axb5 f5 17. Bd2 Be7 18. Bc3 Bf6 19. Qd2 b6 20. Rfe1 Qd6 21. Bxf6 Qxf6 22. Nf1 Qd6 23. g3 Nd7 24. Rxe8+ Rxe8 25. Re1 Kf8 26. Rxe8+ 1/2-1/2

[Event "WSTCC-50 2024"]
[Site "Krakow"]
[Date "2024.07.11"]
[Round "9.6"]
[White "Grawe, Christian"]
[Black "Narva, Regina"]
[Result "1/2-1/2"]
[WhiteElo "2232"]
[BlackElo "1921"]
[Annotator "RC"]
[PlyCount "101"]
[EventDate "2024.07.01"]
[EventType "team-tourn"]
[EventCountry "POL"]
[SourceTitle "playchess.com"]
[Source "ChessBase"]
[SourceQuality "1"]

1. e4 g6 2. d4 Bg7 3. Nc3 d6 4. f4 Nf6 5. Nf3 c5 6. Bb5+ Bd7 7. e5 Ng4 8. e6 fxe6 9. Ng5 Bxb5 10. Qxg4 O-O 11. Qxe6+ Kh8 12. Nf7+ Rxf7 13. Qxf7 Be8 14. Qb3 cxd4 15. Ne4 e5 16. O-O Nc6 17. Ng5 Qd7 18. Qe6 Qxe6 19. Nxe6 e4 20. f5 gxf5 21. Nxg7 Kxg7 22. Rxf5 e3 23. c3 e2 24. Bd2 Bg6 25. Rf4 d3 26. b4 Ne5 27. c4 Rc8 28. Rc1 b6 29. Kf2 Kg8 30. h3 Bf7 31. c5 bxc5 32. bxc5 Rxc5 33. Rxc5 dxc5 34. Ra4 Nc6 35. Ra6 Bd5 36. g3 Kf7 37. Ke3 Ke6 38. Kxd3 c4+ 39. Kxe2 c3 40. Rxc6+ Bxc6 41. Bxc3 Bg2 42. h4 Kf5 43. Ke3 Kg4 44. Be5 Bd5 45. a3 h5 46. Kd4 Bg2 47. a4 a6 48. Kc5 Bf1 49. Kd6 Be2 50. Ke6 Bf1 51. Kd6 1/2-1/2

[Event "WSTCC-50 2024"]
[Site "Krakow"]
[Date "2024.07.11"]
[Round "9.6"]
[White "Norinkeviciute, Rasa"]
[Black "Dawson, Alastair"]
[Result "1-0"]
[WhiteElo "1922"]
[BlackElo "1850"]
[Annotator "NA RC"]
[PlyCount "127"]
[EventDate "2024.07.01"]
[EventType "team-tourn"]
[EventCountry "POL"]
[SourceTitle "playchess.com"]
[Source "ChessBase"]
[SourceQuality "1"]

1. c4 c5 2. Nc3 Nc6 3. g3 g6 4. Bg2 Bg7 5. e4 Nf6 6. Nf3 d6 7. a3 a5 8. O-O Bg4 9. h3 Bxf3 10. Bxf3 O-O 11. Rb1 Ne8 12. Bg2 Nc7 13. Nd5 e6 14. Nc3 Qd7 15. d3 Rfb8 16. a4 Rf8 17. Be3 e5 18. Qd2 Nd4 19. b3 Rae8 20. Kh2 b6 21. f4 f5 22. Nd5 Nxd5 23. cxd5 Bh6 24. Rf2 exf4 25. gxf4 Qe7 26. Rff1 Qh4 27. Rf2 Bg7 28. Rff1 Bh6 29. Qf2 Qxf2 30. Rxf2 Bg7 31. h4 h5 32. Kg3 fxe4 33. dxe4 Nf5+ 34. exf5 Rxe3+ 35. Rf3 Rxf3+ 36. Bxf3 Rxf5 37. Re1 Bh6 38. Re8+ Kf7 39. Rb8 Bxf4+ 40. Kg2 Kf6 41. Be4 Bh6 42. Bxf5 Kxf5 43. Rxb6 Ke5 44. Rb8 Kf5 45. Ra8 Bd2 46. Rf8+ Kg4 47. Rf6 Bf4 48. Rxg6+ Kxh4 49. Kf3 Be5 50. Kg2 Bf4 51. Rg8 Be5 52. Ra8 Bc3 53. Ra6 Bb4 54. Kf3 Kg5 55. Ke4 h4 56. Ra8 Kg4 57. Rg8+ Kh3 58. Rg6 Kh2 59. Kd3 h3 60. Kc4 Kh1 61. Rxd6 Kg2 62. Rg6+ Kf3 63. d6 Be1 64. Rh6 1-0

[Event "WSTCC-50 2024"]
[Site "Krakow"]
[Date "2024.07.11"]
[Round "9.7"]
[White "Fomina, Tatyana"]
[Black "Kempter, Ronald"]
[Result "1-0"]
[WhiteElo "2192"]
[BlackElo "2204"]
[Annotator "RC"]
[PlyCount "129"]
[EventDate "2024.07.01"]
[EventType "team-tourn"]
[EventCountry "POL"]
[SourceTitle "playchess.com"]
[Source "ChessBase"]
[SourceQuality "1"]

1. e4 e5 2. Nf3 Nc6 3. Bb5 a6 4. Ba4 Nf6 5. Qe2 Be7 6. O-O b5 7. Bb3 O-O 8. c3 d5 9. d3 Re8 10. h3 Bb7 11. a4 b4 12. a5 h6 13. g4 Qd7 14. Kh2 Rab8 15. Ba4 Bd6 16. Nbd2 Qe6 17. Re1 Rbd8 18. Nh4 dxe4 19. dxe4 Nd7 20. Bb3 Qf6 21. Nf5 Nc5 22. Bd5 Nd4 23. cxd4 exd4+ 24. Kg2 Bxd5 25. f3 Bf4 26. Qf1 Bb7 27. Qc4 Nd7 28. Qxb4 Ba8 29. Nc4 Bxc1 30. Raxc1 g6 31. Ng3 c5 32. Qd2 Kh7 33. b4 Rb8 34. bxc5 Nxc5 35. Rb1 Red8 36. Nb6 Ne6 37. Nxa8 Rxa8 38. Rb6 Qe5 39. Rc1 Rac8 40. Rbc6 Rxc6 41. Rxc6 Nf4+ 42. Kh1 Nxh3 43. Nf1 Ng5 44. Qd3 Ne6 45. Rc1 Qxa5 46. Nd2 Qg5 47. Qe2 h5 48. gxh5 Kg7 49. h6+ Qxh6+ 50. Qh2 Qe3 51. Qe5+ Kg8 52. Rg1 Qh6+ 53. Qh2 Qxh2+ 54. Kxh2 Rc8 55. Kg3 Rc2 56. Rd1 Nc5 57. e5 Rc3 58. Ra1 Kg7 59. Kf4 Rd3 60. Ne4 Nxe4 61. fxe4 Rd2 62. Rxa6 Rf2+ 63. Kg3 Re2 64. Kf3 g5 65. Kxe2 1-0

[Event "WSTCC-50 2024"]
[Site "Krakow"]
[Date "2024.07.11"]
[Round "9.7"]
[White "Barron, Michael"]
[Black "Bellia, Fabrizio"]
[Result "0-1"]
[WhiteElo "2046"]
[BlackElo "2401"]
[Annotator "RC"]
[PlyCount "160"]
[EventDate "2024.07.01"]
[EventType "team-tourn"]
[EventCountry "POL"]
[SourceTitle "playchess.com"]
[Source "ChessBase"]
[SourceQuality "1"]

1. e4 e5 2. Nf3 Nc6 3. Bb5 a6 4. Ba4 Nf6 5. O-O Be7 6. Re1 b5 7. Bb3 d6 8. c3 O-O 9. h3 Nb8 10. a4 Bb7 11. d3 Nbd7 12. Nbd2 c5 13. Bc2 Re8 14. Nf1 Bf8 15. Ng3 g6 16. d4 Qc7 17. Be3 Rac8 18. d5 c4 19. Qb1 Nc5 20. axb5 axb5 21. b4 cxb3 22. Bxb3 Ra8 23. Bc2 Rxa1 24. Qxa1 Na4 25. Bxa4 Ra8 26. Qb2 bxa4 27. Ra1 Bc8 28. Qa3 Bd7 29. Nd2 Rb8 30. c4 Qa5 31. Ne2 Qa6 32. Nc3 Nh5 33. Nb5 Bxb5 34. cxb5 Qxb5 35. Qxa4 Qd3 36. Qd7 Nf6 37. Qc7 Re8 38. Bg5 Nxe4 39. Nxe4 Qxe4 40. Qc6 Rb8 41. Ra8 Qb1+ 42. Kh2 Kg7 43. Ra7 Qf5 44. Qc7 Rc8 45. Qb7 h6 46. Be3 Re8 47. Qc6 Qc8 48. Rc7 Qa8 49. Rb7 Rb8 50. Ra7 Qxc6 51. dxc6 Rc8 52. c7 Kf6 53. Rb7 Ke6 54. Rb8 Kd7 55. Bb6 d5 56. Ba5 Bd6 57. Rb5 Bxc7 58. Bxc7 Kc6 59. Rb6+ Kxc7 60. Rf6 Rf8 61. f4 exf4 62. Rxf4 Kd6 63. Kg3 f5 64. Ra4 Ke5 65. Kf3 g5 66. Ra6 Rf6 67. Ra8 f4 68. h4 Kf5 69. Rd8 g4+ 70. Kf2 Ke4 71. Re8+ Kd3 72. Rg8 g3+ 73. Kf3 d4 74. h5 Rf5 75. Kg4 Rf7 76. Rg6 Ke2 77. Re6+ Kf2 78. Rd6 Kxg2 79. Rxd4 f3 80. Rd3 Kh2 0-1

[Event "WSTCC-50 2024"]
[Site "Krakow"]
[Date "2024.07.11"]
[Round "9.7"]
[White "Aird, Ian"]
[Black "Baliuniene, Margarita"]
[Result "1-0"]
[WhiteElo "1840"]
[BlackElo "1960"]
[Annotator "RC"]
[PlyCount "126"]
[EventDate "2024.07.01"]
[EventType "team-tourn"]
[EventCountry "POL"]
[SourceTitle "playchess.com"]
[Source "ChessBase"]
[SourceQuality "1"]

1. e4 c5 2. Nf3 d6 3. Bb5+ Nd7 4. c3 a6 5. Ba4 b5 6. Bc2 Bb7 7. O-O g6 8. d4 Bg7 9. Re1 Ngf6 10. e5 dxe5 11. dxe5 Nd5 12. e6 fxe6 13. Ng5 Bf6 14. Nxh7 Kf7 15. Qg4 Rg8 16. Qxe6+ Kg7 17. Qh3 Ne5 18. f4 Nf7 19. Ng5 Bxg5 20. fxg5 Bc8 21. Qf3 e5 22. Be4 Be6 23. Rd1 Nxg5 24. Bxg5 Qxg5 25. Bxd5 Bg4 26. Qg3 Rad8 27. Na3 Qf5 28. Bf3 Bxf3 29. Qxf3 Qe6 30. Rxd8 Rxd8 31. Rf1 e4 32. Re1 exf3 33. Rxe6 Rd1+ 34. Kf2 fxg2 35. Kxg2 Rd2+ 36. Kg3 Rxb2 37. Rxa6 c4 38. Rb6 Rxa2 39. Nxb5 Rb2 40. Rb7+ Kf6 41. Nd6 Rc2 42. Ne4+ Ke5 43. Re7+ Kd5 44. h4 Rc1 45. Kf4 Rf1+ 46. Kg3 Rg1+ 47. Kf3 Rh1 48. Kg4 Rg1+ 49. Ng3 Rc1 50. Re3 Rc2 51. Ne2 Ra2 52. Nf4+ Kc5 53. Nxg6 Rg2+ 54. Kf5 Rh2 55. Kg4 Rg2+ 56. Rg3 Rh2 57. Rh3 Rg2+ 58. Kf5 Kd6 59. h5 Rf2+ 60. Nf4 Ra2 61. h6 Ra5+ 62. Kf6 Ra8 63. Ng6 Kd5 1-0

[Event "WSTCC-50 2024"]
[Site "Krakow"]
[Date "2024.07.11"]
[Round "9.8"]
[White "Ortega, Lexy"]
[Black "Findlay, Ian T."]
[Result "1/2-1/2"]
[WhiteElo "2386"]
[BlackElo "2118"]
[Annotator "TA"]
[PlyCount "89"]
[EventDate "2024.07.01"]
[EventType "team-tourn"]
[EventCountry "POL"]
[SourceTitle "playchess.com"]
[Source "ChessBase"]
[SourceQuality "1"]

1. d4 Nf6 2. Nf3 e6 3. c4 d5 4. Nc3 Bb4 5. Qa4+ Nc6 6. e3 O-O 7. Qc2 dxc4 8. Bxc4 a6 9. O-O Qe7 10. h3 Bd6 11. a3 Re8 12. Re1 h6 13. e4 e5 14. Nd5 Qd8 15. dxe5 Nxe5 16. Nxe5 Bxe5 17. f4 Bd4+ 18. Be3 Nxd5 19. Bxd5 Bxe3+ 20. Rxe3 c6 21. Bb3 Qd4 22. Qf2 Be6 23. Rd1 Qc5 24. Bc2 f6 25. f5 Bf7 26. Rd7 Re7 27. Red3 Qxf2+ 28. Kxf2 Rae8 29. Rxe7 Rxe7 30. Rd8+ Kh7 31. b4 g6 32. Rd6 Kg7 33. e5 Rxe5 34. fxg6 Be6 35. g4 f5 36. Kf3 fxg4+ 37. hxg4 Bd5+ 38. Kf4 Re2 39. Rd7+ Kf6 40. Bf5 Rf2+ 41. Ke3 Rf3+ 42. Kd4 Rxa3 43. g7 Bf7 44. Rxb7 a5 45. bxa5 1/2-1/2

[Event "WSTCC-50 2024"]
[Site "Krakow"]
[Date "2024.07.11"]
[Round "9.8"]
[White "Pieper, Thomas"]
[Black "Korge, Kersti"]
[Result "1-0"]
[WhiteElo "2170"]
[BlackElo "1859"]
[Annotator "RC"]
[PlyCount "99"]
[EventDate "2024.07.01"]
[EventType "team-tourn"]
[EventCountry "POL"]
[SourceTitle "playchess.com"]
[Source "ChessBase"]
[SourceQuality "1"]

1. e4 c5 2. Nf3 d6 3. d4 cxd4 4. Nxd4 Nf6 5. Nc3 g6 6. Be3 Bg7 7. f3 O-O 8. Qd2 Nc6 9. Bc4 Nxd4 10. Bxd4 Qa5 11. O-O-O Be6 12. Bb3 Bxb3 13. cxb3 Rfc8 14. Kb1 b5 15. g4 b4 16. Ne2 Rc6 17. a4 Rac8 18. Rc1 a6 19. Rxc6 Rxc6 20. Rc1 Rxc1+ 21. Qxc1 Nd7 22. Qc8+ Nf8 23. Qb7 Bxd4 24. Nxd4 Qe5 25. Nc6 Qxh2 26. Nxe7+ Kg7 27. Qxa6 Qh1+ 28. Ka2 Qxf3 29. Qxd6 Qxe4 30. Nd5 Qe6 31. Qxe6 Nxe6 32. a5 Nc5 33. Nxb4 h5 34. gxh5 gxh5 35. a6 Nxa6 36. Nxa6 h4 37. Nc5 f5 38. Nd3 h3 39. b4 Kf7 40. Kb3 Ke7 41. Kc4 Kd7 42. Kc5 h2 43. Nf2 Kc7 44. b5 f4 45. Nh1 f3 46. Nf2 Kb7 47. b6 Kb8 48. Kc6 Kc8 49. Nh1 Kb8 50. b7 1-0

[Event "WSTCC-50 2024"]
[Site "Krakow"]
[Date "2024.07.11"]
[Round "9.8"]
[White "Buriene, Regina"]
[Black "Heatlie, Douglas S"]
[Result "1/2-1/2"]
[WhiteElo "1904"]
[BlackElo "1834"]
[Annotator "RC"]
[PlyCount "69"]
[EventDate "2024.07.01"]
[EventType "team-tourn"]
[EventCountry "POL"]
[SourceTitle "playchess.com"]
[Source "ChessBase"]
[SourceQuality "1"]

1. e4 e5 2. Nf3 Nc6 3. Bb5 Nge7 4. O-O g6 5. c3 Bg7 6. d4 exd4 7. cxd4 O-O 8. Nc3 d6 9. Be3 Bd7 10. Qc1 a6 11. Be2 b5 12. Bh6 f6 13. Bxg7 Kxg7 14. Re1 b4 15. Nd5 Nxd5 16. exd5 Ne7 17. Bc4 Nc8 18. Qd2 a5 19. Rac1 Nb6 20. b3 Rf7 21. h3 Re7 22. Nh2 Qf8 23. Ng4 Rxe1+ 24. Rxe1 Bxg4 25. hxg4 Nxc4 26. bxc4 Re8 27. Re6 Rxe6 28. dxe6 c6 29. d5 c5 30. f4 a4 31. Qb2 a3 32. Qb3 Qe8 33. Kf2 g5 34. f5 Kg8 35. Kf3 1/2-1/2

[Event "WSTCC-50 2024"]
[Site "Krakow"]
[Date "2024.07.11"]
[Round "9.9"]
[White "Kaspi, Alexander"]
[Black "Adams, Michael"]
[Result "1/2-1/2"]
[WhiteElo "2365"]
[BlackElo "2670"]
[Annotator "TA"]
[PlyCount "53"]
[EventDate "2024.07.01"]
[EventType "team-tourn"]
[EventCountry "POL"]
[SourceTitle "playchess.com"]
[Source "ChessBase"]
[SourceQuality "1"]

1. d4 Nf6 2. c4 e6 3. Nf3 d5 4. Nc3 Nbd7 5. cxd5 exd5 6. Bg5 h6 7. Bh4 Be7 8. e3 O-O 9. Bd3 c6 10. Qc2 Re8 11. O-O Ne4 12. Bxe4 Bxh4 13. Bh7+ Kh8 14. Nxh4 Qxh4 15. Bd3 Nf6 16. b4 Bd7 17. Bf5 Rad8 18. Rfc1 g6 19. Bxd7 Rxd7 20. Qe2 Kg7 21. Qf3 Re6 22. a4 a6 23. Qg3 Qh5 24. Qf3 Qh4 25. Qg3 Qh5 26. Qf3 Qh4 27. Qg3 1/2-1/2

[Event "WSTCC-50 2024"]
[Site "Krakow"]
[Date "2024.07.11"]
[Round "9.9"]
[White "Krause, Ullrich"]
[Black "Crocker, Philip J"]
[Result "1/2-1/2"]
[WhiteElo "2171"]
[BlackElo "2122"]
[Annotator "RC"]
[PlyCount "50"]
[EventDate "2024.07.01"]
[EventType "team-tourn"]
[EventCountry "POL"]
[SourceTitle "playchess.com"]
[Source "ChessBase"]
[SourceQuality "1"]

1. d4 d5 2. Nf3 Nf6 3. c4 c6 4. cxd5 cxd5 5. Nc3 Nc6 6. Bf4 a6 7. Ne5 Qb6 8. Nxc6 bxc6 9. Qd2 Nh5 10. Bg5 h6 11. Bh4 Rb8 12. Na4 Qb4 13. b3 e5 14. e3 g5 15. Bg3 Nxg3 16. hxg3 exd4 17. exd4 Bg7 18. Rd1 O-O 19. Be2 Re8 20. O-O Bxd4 21. Qc2 c5 22. Bd3 Bd7 23. Bxa6 Ra8 24. a3 Qb8 25. Bd3 Bxa4 1/2-1/2

[Event "WSTCC-50 2024"]
[Site "Krakow"]
[Date "2024.07.11"]
[Round "9.9"]
[White "Homer, Stephen J"]
[Black "Csonkics, Tunde"]
[Result "1-0"]
[WhiteElo "2019"]
[BlackElo "1995"]
[Annotator "NA RC"]
[PlyCount "67"]
[EventDate "2024.07.01"]
[EventType "team-tourn"]
[EventCountry "POL"]
[SourceTitle "playchess.com"]
[Source "ChessBase"]
[SourceQuality "1"]

1. e4 c5 2. Nf3 d6 3. d4 cxd4 4. Nxd4 Nf6 5. Nc3 a6 6. Bd3 e5 7. Nde2 Be7 8. O-O b5 9. Ng3 O-O 10. f4 Be6 11. Nd5 Bxd5 12. exd5 Nbd7 13. fxe5 Nxe5 14. Nf5 h6 15. Qe1 Ng6 16. Kh1 Re8 17. Qg3 Bf8 18. a4 Ne4 19. Bxe4 Rxe4 20. Qf3 Re5 21. Nxh6+ gxh6 22. Qxf7+ Kh8 23. Qxg6 Qe8 24. Qd3 Qh5 25. Bd2 Rxd5 26. Bc3+ Bg7 27. Bxg7+ Kxg7 28. Qc3+ Qe5 29. Qc7+ Kh8 30. Rae1 Rc5 31. Qb7 Qd5 32. Qe7 Rg8 33. Qf6+ Rg7 34. Qxh6+ 1-0

[Event "WSTCC-50 2024"]
[Site "Krakow"]
[Date "2024.07.11"]
[Round "9.10"]
[White "Emms, John M"]
[Black "Fleish, Felix"]
[Result "1/2-1/2"]
[WhiteElo "2428"]
[BlackElo "2161"]
[Annotator "TA"]
[PlyCount "123"]
[EventDate "2024.07.01"]
[EventType "team-tourn"]
[EventCountry "POL"]
[SourceTitle "playchess.com"]
[Source "ChessBase"]
[SourceQuality "1"]

1. e4 c5 2. c3 e6 3. Nf3 d5 4. exd5 exd5 5. Bb5+ Bd7 6. Bxd7+ Qxd7 7. O-O Bd6 8. d4 Ne7 9. dxc5 Bxc5 10. Nbd2 Nbc6 11. Nb3 Bb6 12. Re1 O-O 13. Be3 Qc7 14. Qd3 Rad8 15. Bxb6 Qxb6 16. Re2 Ng6 17. Qf5 a5 18. Nbd4 a4 19. a3 Qc7 20. Rae1 Qd7 21. Qc2 Na5 22. g3 Nc4 23. Kg2 Qg4 24. Qf5 Qxf5 25. Nxf5 Rd7 26. N3d4 Nd6 27. h4 Nxf5 28. Nxf5 f6 29. f4 h5 30. Re6 Rc8 31. Rb6 Rc6 32. Rb4 Rc4 33. Re8+ Kf7 34. Ra8 Rxb4 35. axb4 Ne7 36. Nd4 Nc6 37. Nxc6 bxc6 38. Rxa4 d4 39. Kf2 dxc3 40. bxc3 Rd3 41. c4 Rd4 42. b5 cxb5 43. Ra7+ Ke6 44. cxb5 Rb4 45. Rxg7 Rxb5 46. Rh7 Rb2+ 47. Kf3 Rb3+ 48. Kg2 Rb5 49. Kh3 Ra5 50. Rh8 Rb5 51. Ra8 Kf7 52. Ra3 Kg6 53. Ra8 Rc5 54. Rh8 Kg7 55. Rb8 Kg6 56. Rd8 Ra5 57. Re8 Rb5 58. Re3 Ra5 59. Rb3 Kf5 60. Re3 Rb5 61. Re8 Kg6 62. Re7 1/2-1/2